วิถี (ไม่) ตัน ฉบับตัน ภาสกรนที / (ระเบียนเลขที่ 66209)
| 000 -LEADER | |
|---|---|
| fixed length control field | 01252nam a22002537a 4500 |
| 005 - DATE AND TIME OF LATEST TRANSACTION | |
| control field | 20250128113143.0 |
| 008 - FIXED-LENGTH DATA ELEMENTS--GENERAL INFORMATION | |
| fixed length control field | s2554 th ||||| |||| 00| 0 tha d |
| 020 ## - INTERNATIONAL STANDARD BOOK NUMBER | |
| International Standard Book Number | 9786167536132 |
| 040 ## - CATALOGING SOURCE | |
| Original cataloging agency | NALT |
| 050 ## - LIBRARY OF CONGRESS CALL NUMBER | |
| Classification number | HF 5386 |
| Item number | ต278ว 2554 |
| 100 0# - MAIN ENTRY--PERSONAL NAME | |
| Personal name | ดุลยปวีณ กรณ์แสง |
| 9 (RLIN) | 36517 |
| 245 10 - TITLE STATEMENT | |
| Title | วิถี (ไม่) ตัน ฉบับตัน ภาสกรนที / |
| Statement of responsibility, etc. | ดุลยปวีณ กรณ์แสง. |
| 250 ## - EDITION STATEMENT | |
| Edition statement | พิมพ์ครั้งที่ 9 |
| 260 ## - PUBLICATION, DISTRIBUTION, ETC. | |
| Place of publication, distribution, etc. | กรุงเทพฯ : |
| Name of publisher, distributor, etc. | กรุงเทพธุรกิจ, |
| Date of publication, distribution, etc. | 2554. |
| 300 ## - PHYSICAL DESCRIPTION | |
| Extent | 192 หน้า : |
| Other physical details | ภาพประกอบ ; |
| Dimensions | 21 ซม. |
| 600 04 - SUBJECT ADDED ENTRY--PERSONAL NAME | |
| 9 (RLIN) | 36518 |
| Personal name | ตัน ภาสกรนที |
| General subdivision | ทัศนะเกี่ยวกับการบริหารธุรกิจ |
| 650 #0 - SUBJECT ADDED ENTRY--TOPICAL TERM | |
| Topical term or geographic name entry element | ความสำเร็จทางธุรกิจ |
| 9 (RLIN) | 6209 |
| 650 #4 - SUBJECT ADDED ENTRY--TOPICAL TERM | |
| Topical term or geographic name entry element | การทำงาน |
| 9 (RLIN) | 6622 |
| 650 #0 - SUBJECT ADDED ENTRY--TOPICAL TERM | |
| Topical term or geographic name entry element | การบริหารธุรกิจ |
| 9 (RLIN) | 9125 |
| 650 #0 - SUBJECT ADDED ENTRY--TOPICAL TERM | |
| Topical term or geographic name entry element | นักธุรกิจ |
| Geographic subdivision | ไทย |
| 9 (RLIN) | 34855 |
| 850 ## - HOLDING INSTITUTION | |
| Holding institution | NALT |
| 942 ## - ADDED ENTRY ELEMENTS (KOHA) | |
| Koha item type | General Book |
| Source of classification or shelving scheme | Library of Congress Classification |
| 998 ## - LOCAL CONTROL INFORMATION (RLIN) | |
| -- | 1020 |
| -- | นางจำเรียง ระวังสำโรง |
| Withdrawn status | Lost status | Source of classification or shelving scheme | Damaged status | Not for loan | Collection code | Home library | Current library | Source of acquisition | Cost, normal purchase price | Total Checkouts | Full call number | Barcode | Date last seen | Cost, replacement price | Price effective from | Koha item type |
|---|---|---|---|---|---|---|---|---|---|---|---|---|---|---|---|---|
| Library of Congress Classification | General Book collection | National Assembly Library of Thailand | National Assembly Library of Thailand | จัดซื้อทรัพยากร | 100.00 | HF 5386 ต278ว 2554 | 3961190373 | 09/06/2017 | 150.00 | 09/06/2017 | General Book |
